Mesačný závoj
| Main Author: | |
|---|---|
| Other Authors: | , |
| Format: | Book |
| Language: | Slovak English Czech |
| Published: |
Praha
Ivo Železný
1993
|
| Edition: | 1. slov. vyd. |
| Series: | Cesta za šťastím
Večery pod lampou |
| Subjects: |
MARC
| LEADER | 00000nam a2200000 a 4500 | ||
|---|---|---|---|
| 001 | vtls001152252 | ||
| 003 | SK-MaSNL | ||
| 005 | 20260301111958.0 | ||
| 008 | 220512s1993 xr 0000j slo | ||
| 015 | |a SNBA1993 | ||
| 020 | |a 8023701649 | ||
| 035 | |a SNK000095134 | ||
| 035 | |a urn:nbn:sk:snk-amjbml | ||
| 035 | |a urn:nbn:sk:snk-am003mcb | ||
| 035 | |a CF7658BD-0055-4804-8AC0-1A9338A6B0BE | ||
| 040 | |a SNK |b slo |a SNK |e AACR2 |c SNK | ||
| 041 | 1 | |a slo |h eng |h cze | |
| 044 | |a xr |c CZ | ||
| 080 | |a 885.0-31=854 |2 1981 | ||
| 100 | 1 | |a Fujerová, Olga |4 aut |9 451985 | |
| 245 | 0 | |a Mesačný závoj |c Olga Fujerová ; český text upr. Libuša Kopecká ; prel. Mária Heyduková | |
| 250 | |a 1. slov. vyd. | ||
| 260 | |a Praha |b Ivo Železný |c 1993 | ||
| 300 | |a 60 s. |c 20 cm | ||
| 490 | 1 | |a Večery pod lampou |v 60 | |
| 490 | 1 | |a Cesta za šťastím |v zv. 36, (24/93) | |
| 655 | 7 | |a české romány |2 SNKPH |9 70600 | |
| 700 | 1 | |a Kopecká, Libuša |4 trl |9 451986 | |
| 700 | 1 | |a Heyduková, Mária |4 trl |9 451987 | |
| 830 | 0 | |a Cesta za šťastím |9 281115 | |
| 830 | 0 | |a Večery pod lampou |9 281114 | |
| 919 | |a 80-237-0164-9 | ||
| 954 | |a beletria cudzojazyčná (svetová) |2 lita | ||
| 958 | |a LX | ||
| 958 | |a UP | ||
| 999 | |c 709021 |d 710951 | ||
| 952 | |t P60, <05>, [BOOK], {605} |a SNK |b SNK |y PREZ |7 0 |p 17A0269155 |o snkSD 65730 D1 |0 0 |1 0 |4 0 |d 2002-07-17 |f 1 |l 0 |r 2005-01-01 00:00:00 |w 2026-02-23 | ||
| 952 | |a SNK |b SNK |y PREZ |7 0 |p 17A1034964 |o snkSD 65730 |0 0 |1 0 |4 0 |d 2013-07-18 |l 0 |r 2026-02-23 21:26:23 |w 2026-02-23 | ||


